000 00664nam a2200205 a 4500
005 20140412111344.0
008 041005s19uu xx 00 eng d
020 _a0-06-446732-2
050 _aTR(GS 513.2'12
_bM95 2000
100 _aMurphy, Stuart
245 _aGame time /
_cStuart Murphy.
260 _aNew york :
_bHarper collins,
_c2000.
300 _aunp.
440 _aMathstart
520 _a Calendars and clock keep track passing time as the huskies prepare for and complete in the championship soccer against the falcons.
650 _aSoccer - Fiction
650 _aTime - Fiction
650 _aClocks and watches -- fiction
999 _c105196
_d105196